Statistics for Pokemon with Z in their name

Click here to take the quiz!

General Stats

  • This quiz has been taken 575 times
    (559 since last reset)
  • The average score is 10 of 40

Answer Stats

HintAnswer% Correct
Zygarde
70%
Zapdos
64%
Zubat
54%
Zekrom
47%
Zigzagoon
47%
Zangoose
44%
Zebstrika
41%
Zoroark
40%
Zorua
40%
Charizard
38%
Electabuzz
36%
Porygon-Z
32%
Zweilous
32%
Blitzle
28%
Rayquaza
28%
Azelf
25%
Azumarill
25%
Blaziken
23%
Alakazam
22%
Azurill
22%
Mandibuzz
21%
Virizion
18%
Drowzee
17%
Magnezone
16%
Scizor
16%
Unfezant
14%
Weezing
14%
Buizel
13%
Floatzel
12%
Nuzleaf
12%
Bronzong
10%
Bronzor
10%
Spritzee
9%
Clawitzer
5%
Gen I
2%
Gen II
2%
Gen III
2%
Gen IV
2%
Gen V
2%
Gen VI
2%

Score Distribution

Percentile by Number Answered

Percent of People with Each Score

Your Score History

You have not taken this quiz since the last reset